000 00588nam a2200205Ia 4500
005 20250923144821.0
008 008 250917s9999 xx 000 0 eng d
037 _aTextual
040 _aDSWL
_beng
_cDSWL
041 _aeng
_2eng
084 _aV641:1:N6, K1
_qDSWL
100 _aBrausch, Georges
_9828715
245 0 _aBelgium administration in the Congo
_cby Georges Brausch
260 _aLondon
_bUniversityPress
_c1961
300 _aix,93p.
365 _aINR
_b7.6.
925 _g7.6.
942 _cTEXL
_hV641:1:N6, K1
999 _c1443717
_d1443717